The master mariner : running proud /

Bibliographic Details
Main Author: Monsarrat, Nicholas, 1910-1979
Format: Book
Language:English
Published: New York : Morrow, 1979
Edition:1st U.S. ed.

MARC

Tag First Indicator Second Indicator Subfields
LEADER 00000cam a2200000 a 4500
001 in00000087038
005 20170222152528.0
008 790329r1979 nyua 00011 engm
010 |a  78071142  
020 |a 0688033970 :  |c $12.95 
035 |a (OCoLC)04884092 
035 |9 AAK4642AM 
040 |a DLC  |c DLC  |d m.c.  |d TXA  |d UtOrBLW 
049 |a TXAM  |c [388019] 
050 0 0 |a PZ3.M7573  |b Mas 1979 
090 |a PR6025.O36  |b M37 
092 |a 823.54  |b M 
100 1 |a Monsarrat, Nicholas,  |d 1910-1979. 
245 1 4 |a The master mariner :  |b running proud /  |c Nicholas Monsarrat. 
250 |a 1st U.S. ed. 
264 1 |a New York :  |b Morrow,  |c 1979 
264 4 |c ©1978 
300 |a 524 pages :  |b illustrations ;  |c 25 cm. 
336 |a text  |b txt  |2 rdacontent 
337 |a unmediated  |b n  |2 rdamedia 
338 |a volume  |b nc  |2 rdacarrier 
999 |a MARS 
999 f f |s 3e71147b-1b9a-32e9-8fd7-4125c99be85f  |i 5debc8ae-986b-390f-9203-1b4c43fda2be  |t 0 
952 f f |p ric  |a Texas A&M University  |b Rellis Campus  |c Joint Library Facility  |d Remote Storage  |t 0  |e PR6025.O36 M37  |h Library of Congress classification  |i unmediated -- volume  |m A14806196458 
952 f f |a Texas A&M University  |b College Station  |c Sterling C. Evans Library  |d Halbouty Reading Rm (Halbouty Bldg 173) (Does not check out)  |t 0  |e 823.54 M  |h Dewey Decimal classification 
998 f f |a PR6025.O36 M37  |t 0  |l Remote Storage 
998 f f |a 823.54 M  |t 0  |l Halbouty Reading Rm (Halbouty Bldg 173) (Does not check out)